000 00567nam a2200217Ia 4500
003 OSt
005 20220918230914.0
006 a|||||r|||| 00| 0
007 ta
008 220917b |||||||| |||| 00| 0 eng d
024 _a261,520
037 _cTextual
040 _aARTS
_cARTS
_beng
041 _2eng
_aeng
082 _aX:8F, M4;2
100 _aHorngren Charles T
_922539
245 0 _aIntroduction to management accounting
260 _aNew
_b#NAME?
_c1984
942 _hX:8F, M4;2
_cTEXL
_2CC
999 _c289268
_d289268